| 000 | 00000cam 2200000zi 4500 |
| 001 | 9.961615 |
| 003 | CaOODSP |
| 005 | 20260512153108 |
| 006 | m o d f |
| 007 | cr cn||||||||| |
| 008 | 260402t20262026onc o f000 0 fre d |
| 020 | |a9780660993843 |
| 040 | |aCaOODSP|bfre|erda|cCaOODSP |
| 043 | |an-cn--- |
| 086 | 1 |aIu71-4/89-2026F-PDF |
| 245 | 00|aFeuille de route de la PI : |bla marche à suivre pour procéder à la radiation d’une marque de commerce (article 45). |
| 264 | 1|a[Ottawa] : |bOffice de la propriété intellectuelle du Canada = Canadian Intellectual Property Office, |c[2026] |
| 264 | 4|c©2026 |
| 300 | |a1 ressource en ligne (1 page non numérotée) |
| 336 | |atexte|btxt|2rdacontent/fre |
| 337 | |ainformatique|bc|2rdamedia/fre |
| 338 | |aressource en ligne|bcr|2rdacarrier/fre |
| 500 | |aPublié aussi en anglais sous le titre : IP roadmap : your path through a trademark expungement (section 45) proceeding. |
| 650 | 6|aMarques de commerce|xDroit|zCanada. |
| 710 | 2 |aOffice de la propriété intellectuelle du Canada, |eorganisme de publication. |
| 775 | 08|tIP roadmap : |w(CaOODSP)9.961613 |
| 776 | 0#|tFeuille de route de la PI : |w(CaOODSP)9.961617 |
| 795 | |tFeuille de route de la PI : |w(CaOODSP)9.893378 |
| 856 | 40|qPDF|s473 Ko|uhttps://publications.gc.ca/collections/collection_2026/opic-cipo/Iu71-4-89-2026-fra.pdf |